Statistics for The 10 Smartest presidents of the U.S.

Click here to take the quiz!

General Stats

  • This quiz has been taken 93 times
  • The average score is 6 of 10

Answer Stats

HintAnswer% Correct
158 IQJohn F. Kennedy
84%
149 IQTheodore Roosevelt
84%
173 IQJohn Adams
75%
160 IQThomas Jefferson
74%
156 IQBill Clinton
73%
153 IQJimmy Carter
64%
152 IQWoodrow Wilson
63%
155 IQJames Madison
53%
148 IQJames Garfield
36%
148 IQChester Arthur
27%

Score Distribution

Percentile by Number Answered

Percent of People with Each Score

Your Score History

You have not taken this quiz